Analýza trhu rizikového kapitálu vo vybranej krajine regiónu strednej a východnej Európy diplomová práca

Enregistré dans:
Détails bibliographiques
Auteur principal: Körösiová, Zuzana
Collectivité auteur: Národohospodárska fakulta EU. Katedra bankovníctva a medzinárodných financií
Autres auteurs: Trúchly, Peter
Format: Livre
Langue:slovaque
Publié: Bratislava 2008
Tags: Ajouter un tag
Pas de tags, Soyez le premier à ajouter un tag!

MARC

LEADER 00000nam$a2200000$$$4500
001 0076751
005 20240201114828.6
041 0 |a slo 
044 |a SK 
245 1 0 |a Analýza trhu rizikového kapitálu vo vybranej krajine regiónu strednej a východnej Európy  |b diplomová práca  |c Zuzana Körösiová ; škol. Peter Trúchly 
264 1 |a Bratislava  |c 2008 
300 |a 58 s. 
100 1 |a Körösiová, Zuzana 
700 1 |a Trúchly, Peter 
710 2 |a Národohospodárska fakulta EU. Katedra bankovníctva a medzinárodných financií